Árvores de Macau (Registo nº 200109)

Detalhes MARC
000 -Etiqueta do registo
Valores 00494nam 22001813 4500
010 ## - Número ISBN
ISBN 972-8279-13.2
100 ## - Dados gerais de processamento
Dados gerais 20260122d u||y0pory50 ba
200 ## - Titulo e menção de responsabilidade
Título próprio Árvores de Macau
Primeira menção de responsabilidade Wang Zhu Hao
210 ## - Publicação
Local de publicação Macau
Nome do editor Câmara Municipal das Ilhas
Data de publicação 1997
215 ## - Descrição física 
Paginação / Volumes vol. I (118 p.)
Outras indicações físicas il. ; brochado
Dimensões 22 cm
606 ## - Nome comum usado como assunto
ID Autoridade 869
Palavra de ordem Botânica
675 ## - CDU
Notação 58
Edição PT
Língua por
700 ## - Autor principal (pessoa individual)
ID Autoridade 15923
Apelido Wang
Nome Zhu Hao
Datas 1923-
801 ## - Fonte de origem
País PT
Agência BMMN
Regras de catalogação RPC
830 ## - Notas gerais do catalogador
Criado por Ana
Indexado por Ana
990 ## - Elementos KOHA
Tipo de documento Livro
Exemplares
Situação do levantamento Biblioteca de origem Código de barras Cota Permissão de empréstimo Tipo de documento Forma de aquisição
  Biblioteca Municipal de Montemor-o-Novo 29189 58 WAN|DEP   Livro Compra

Powered by Koha